Štrukturálne závislosti národných inovačných systémov: modelovanie nelineárnej dynamiky inštitúcií pomocou neurónových sietí

Modelovanie štrukturálnych závislostí inovačných systémov. Empirické skúmanie vzťahov medzi schopnosťou krajín profitovať z generovania a difúzie poznatkov na strane jednej a štruktúrou systému ich ekonomických a sociálnych inštitúcií na strane druhej.

Enregistré dans:
Détails bibliographiques
Auteur principal: Baláž, Vladimír
Format: Chapitre de livre
Langue:slovaque
Sujets:
Tags: Ajouter un tag
Pas de tags, Soyez le premier à ajouter un tag!

MARC

LEADER 00000naa a2200000 4500
001 0126900
005 20240502072439.6
041 0 |a slo 
044 |a SK 
245 1 0 |a Štrukturálne závislosti národných inovačných systémov: modelovanie nelineárnej dynamiky inštitúcií pomocou neurónových sietí  |c Vladimír Baláž 
520 |a Modelovanie štrukturálnych závislostí inovačných systémov. Empirické skúmanie vzťahov medzi schopnosťou krajín profitovať z generovania a difúzie poznatkov na strane jednej a štruktúrou systému ich ekonomických a sociálnych inštitúcií na strane druhej. 
610 2 0 |a siete neurónové 
610 2 0 |a modely nelineárne 
610 2 0 |a rast hospodársky 
610 2 0 |a inovácia 
610 2 0 |a analýza faktorová 
100 1 |a Baláž, Vladimír